000 00772nam a2200217Ia 4500
003 GCL
008 140319s9999 xx 000 0 ara d
020 _a4003307977
040 _aGCL /
_cGCL
082 0 4 _a005.84
_bا ت
100 1 _aخالد العامرى
245 1 0 _aنظم الحماية من قراصنة الكمبيوتر /
_cخالد العامرى
700 1 _aاشرف الغنيمى
250 _aالاولى
260 _aالقاهرة :
_bدار الفاروق للنشر والتوزيع ،
_c1998
300 _a173 ص ؛
_c24 سم
650 0 4 _aالحاسبات الالكترونية
650 0 4 _aالحاسبات الالكترونية - تصميم
650 0 4 _aالحاسبات الالكترونية - فيروسات
942 _2ddc
_cBK
999 _c2337
_d2337